Tractors and agricultural machinery (Record no. 43005)

MARC details
000 -LEADER
fixed length control field 00369nam a2200133Ia 4500
020 ## - INTERNATIONAL STANDARD BOOK NUMBER
ISBN 9789380235608
082 ## - DEWEY DECIMAL CLASSIFICATION NUMBER
Classification number 631.372
Item number SRI
100 ## - MAIN ENTRY--AUTHOR NAME
Personal name Srinivasan, K
245 #0 - TITLE STATEMENT
Title Tractors and agricultural machinery
260 ## - PUBLICATION, DISTRIBUTION, ETC. (IMPRINT)
Place of publication New Delhi
Name of publisher New India Publishing Agency
Year of publication 2011
650 ## - SUBJECT ADDED ENTRY--TOPICAL TERM
Topical Term Agricultural equipments
942 ## - ADDED ENTRY ELEMENTS (KOHA)
Koha item type Books
Holdings
Withdrawn status Lost status Damaged status Not for loan Home library Current library Date acquired Cost, normal purchase price Full call number Accession Number Koha item type
        RRII Library RRII Library 16/12/2021 695.00 631.372 SRI 23269 Books